000 00597nam a2200181Ia 4500
003 Ost
005 20260303110343.0
008 260303s9999||||xx |||||||||||||| ||und||
040 _cfsic
041 _aara
082 _a 892.7
100 _aأورفيلي،غرغري
_eمؤلف
245 0 _aأمام أسنة اللهب :
_bالبحث عن تاريخ العرب الأمريكيين /
_cأورفيليغرغري
260 _a[دون مكان] :
_bمركز الكتب الاردني ،
_c1989.
300 _a493 صفحة،
700 _aمطر,هنري
_eمؤلف مساعد
942 _cكتاب
999 _c37095
_d37095